| 000 | 00750cab a2200205 4500 | ||
|---|---|---|---|
| 001 | ABS42532 | ||
| 008 | 090401t1990 xxu||||| |||| 00| 0 eng d | ||
| 035 | _a(Sirsi) u37477 | ||
| 041 | _aeng | ||
| 100 | _aGarbett, C. | ||
| 245 | _aSoftware for the property business | ||
| 260 | _c1990 | ||
| 350 | _a0 | ||
| 490 |
_aValuer (ISVA) _v59(3) April 1990, 16(1) |
||
| 520 | _aMentions some of the software seen at the Property Business Show, among them property management systems PROPERTY POWER and SKYLINE , PANORAMA database for comparables , RAPPORT for rating administration and TIMESLIPS for time management . | ||
| 650 | _aCOMPUTERS | ||
| 690 | _aMANAGEMENT-BUSINESS MANAGEMENT-INFORMATION MANAGEMENT | ||
| 942 | _n0 | ||
| 948 | _c04/03/1997 | ||
| 999 |
_c24217 _d24217 |
||